/Mecânica (Record no. 46519)

MARC details
000 -LÍDER
campo de controle de tamanho fixo 00398 a2200157 4500
001 - NÚMERO DE CONTROLE
campo de controle 46519
020 ## - ISBN - INTERNATIONAL STANDARD BOOK NUMBER
ISBN - International Standard Book Number 9788561521608
040 ## - FONTE DA CATALOGAÇÃO
Instituição que transcreveu o registro Anchieta - Aquarius
100 ## - ENTRADA PRINCIPAL--NOME PESSOAL
Nome pessoal Silva, Gonçalo Ferreira da
240 10 - TÍTULO UNIFORME
Título uniforme /Mecânica
Idioma da obra por
245 10 - TÍTULO
Título /Mecânica
300 ## - DESCRIÇÃO FÍSICA
Extensão
362 0# - DATAS DE PUBLICAÇÃO E/OU DESIGNAÇÃO SEQUENCIAL
Datas de publicação e/ou designação sequencial 2011
650 #4 - ASSUNTO--TERMO TÓPICO
Cabeçalho tópico ou nome geográfico Pessoas em literatura, história, biografia, genealogia (incluindo historiadores)
942 ## - ELEMENTOS DE ENTRADA ADICIONADOS (KOHA)
Tipo de material Koha Livros
Holdings
Situação do descarte Situação das perdas Situação física Não pode ser emprestado Biblioteca de origem Biblioteca atual Data de aquisição Total de empréstimos Número de chamada completo Código de barras Data de último acesso Data do preço efetivo Tipo de material Koha
        Colégio Anchieta - Aquarius Colégio Anchieta - Aquarius 21/11/2023   928 SIL MEC 4417/AQU 21/11/2023 21/11/2023 Livros